000 02064nam a2200361Ia 4500
001 9780203427378
003 BD-DhSAU
005 20151012151721.0
006 a|||||s|||||||||||
007 cr||||
008 130405s2013 nyuad sb 001 0 eng d
020 _a9780203427378 (e-book : PDF)
040 _aBD-DhSAU
_cBD-DhSAU
043 _ae-ie---
090 _aHF5549.2.I73
_bR73 2013
092 _a658.3009417
_bR295
245 0 0 _aRecession at work
_h[electronic resource] :
_bHRM in the Irish crisis /
_cWilliam K. Roche ... [et al.].
260 _aNew York :
_bRoutledge,
_c2013.
300 _axiv, 235 p. :
_bill.
490 1 _aRoutledge advances in management and business studies ;
_v55
504 _aIncludes bibliographical references (p. [217]-222) and index.
505 0 _a1. Introduction -- 2. Recession, the labour market and the conduct of human resource management -- 3. Human resource management in the recession : results of survey of employers -- 4. Human resource managers : the effects of the recession and HR responses -- 5. Human resource managers : good human resource management in the recession -- 6. Trade union officials : representing members in the recession -- 7. Containing job losses and staying on course : Irish life and permanent, Sherry FitzGerald and Dublin Airport Authority -- 8. Maintaining trust and developing competencies in challenging business times : Superquinn, Medtronic and Ericsson -- 9. Human resources in the recession : summary and conclusions.
530 _aAlso available in print edition.
538 _aMode of access: World Wide Web.
650 0 _aPersonnel management
_zIreland
_xHistory
_y21st century.
650 0 _aRecessions
_zIreland
_xHistory
_y21st century.
651 0 _aIreland
_xEconomic conditions
_y21st century.
655 7 _aElectronic books.
_2lcsh
700 1 _aRoche, William K.,
_d1957-
776 1 _z9780415832465 (hardback)
830 0 _aRoutledge advances in management and business studies ;
_v55.
856 4 0 _uhttp://www.tandfebooks.com/isbn/9780203427378
999 _c12773
_d12772